[Event "XI Torneo AVIS A"]
[Site "Iglesias ITA"]
[Date "2000.10.22"]
[Round "2"]
[White "Scarteddu, Marco"]
[Black "Ibba, Isacco"]
[Result "1-0"]
[WhiteElo "1636"]
[BlackElo "1855"]
[PlyCount "57"]
[EventDate "2000.10.21"]

1. e4 Nf6 2. e5 Nd5 3. d4 d6 4. c4 Nb6 5. f4 dxe5 6. fxe5 c5 7. d5 e6 8. Nc3 g6
9. Bf4 Bg7 10. Nf3 O-O 11. Qd2 Re8 12. d6 Nc6 13. O-O-O Nd7 14. Re1 a6 15. h4
Qa5 16. Bd3 f6 17. h5 Ndxe5 18. hxg6 Nxf3 19. gxf3 Nd4 20. Qh2 h6 21. Qxh6 Bxh6
22. Rxh6 Nxf3 23. Reh1 f5 24. Rh8+ Kg7 25. Rxe8 b5 26. Re7+ Kf6 27. Rh6 Ne5 28.
g7+ Ng6 29. g8=N# 1-0

[Event "XI Torneo AVIS A"]
[Site "Iglesias ITA"]
[Date "2000.10.29"]
[Round "6"]
[White "Ljubisavljevic, Zivojin Z."]
[Black "Ibba, Isacco"]
[Result "0-1"]
[WhiteElo "2282"]
[BlackElo "1855"]
[PlyCount "54"]
[EventDate "2000.10.21"]

1. g3 g6 2. Bg2 Bg7 3. c4 Nc6 4. Nc3 f5 5. e3 Nf6 6. d4 O-O 7. Nf3 d6 8. O-O e5
9. dxe5 Nxe5 10. Nxe5 dxe5 11. e4 c6 12. Qxd8 Rxd8 13. b3 Be6 14. exf5 gxf5 15.
Na4 Bf7 16. Bb2 e4 17. f3 e3 18. Rfe1 Rd2 19. Bc3 b5 20. Nc5 bxc4 21. f4 Nd5
22. Bxg7 Kxg7 23. Rac1 c3 24. Bxd5 cxd5 25. Rxc3 d4 26. Rcc1 Bd5 27. Red1 Rg2+
0-1